| 000 | 00998nam a2200301 a 4500 | ||
|---|---|---|---|
| 001 | 26271 | ||
| 003 | BD-RjUL | ||
| 005 | 20211209051007.0 | ||
| 008 | 140320r19711963enkab b 001 0 eng d | ||
| 035 | _a(BD-RjUL)26341 | ||
| 040 |
_aCCL _cCCL _dOCL _dEQO _beng |
||
| 041 | _aeng | ||
| 082 |
_a954.082 _bWOM 1971 |
||
| 090 |
_aDS463 _b.M26 1963 |
||
| 100 | 1 |
_aWoodruff, Philip _d1906-1999. _980770 |
|
| 245 | 1 | 4 |
_aThe men who ruled India / _cby Philip Woodruff _nVolume II _pThe Guardians |
| 260 |
_aLondon : _bJ. Cape, _c1963 [reprinted 1971] |
||
| 300 |
_a385 p . : _bill., map ; _c23 cm. |
||
| 490 | 1 |
_aJonathan Cape paperback ; _v9 |
|
| 504 | _aIncludes bibliographical references and indexes. | ||
| 505 | 0 | _av. 1. The Founders -- v. 2. The Guardians. | |
| 651 | 0 |
_aIndia _xHistory _y1000-1765. _980771 |
|
| 651 | 0 |
_aIndia _xHistory _yBritish occupation, 1765-1947. _980772 |
|
| 830 | 0 |
_v9 _980840 |
|
| 830 | 0 |
_aJonathan Cape paperback ; _980841 |
|
| 942 |
_2ddc _cBK |
||
| 999 |
_c26271 _d26271 |
||